00932nam a22002295i 4500001000700000003000900007005001700016008004100033040002000074100003900094245006300133250001300196260009000209300004300299490003300342651003700375700003400412830004100446852007000487999001900557952012600576166099ES-MaACL20230906213250.0050907s1884 fr ac | |||||||| ||fre d aCAM bspa cCAM1 aChen, Jitong (d1851-1907)915496414aLes chinois peints par eux-mêmes / cpar Tcheng-Ki-Tong. a4e éd. aParis : bCalmann Lévy, éditeur, c1884 (eBourloton : fImprimeries réunies B) aX, 291 p., [1] h. de lám. ; c19 cm.1 aBibliothèque contemporaine 4aChina-xUsos y costumbres.980642 aCalmann Lévy, eed.91883400 aBibliothèque contemporaine9181673 aES-MaACLjD-2636 z-- Rúst. z-- Legado de Modesto de la Fuente c166099d166099 001040708LIBXIXaATENEOMbATENEOMcSVId2008-01-17eSSCl0oD-2636p901174195r2023-02-23 00:00:00w2023-02-23yMONANT